The turning point: science, society and the rising culture (Record no. 60510)

MARC details
000 -LEADER
fixed length control field 00506nam a2200133 a 4500
008 - FIXED-LENGTH DATA ELEMENTS--GENERAL INFORMATION
fixed length control field 080109s1983 ||||||||||||||||| || u
050 ## - LIBRARY OF CONGRESS CALL NUMBER
Classification number Q 175.5 Cap
100 ## - MAIN ENTRY--PERSONAL NAME
Personal name Capra, Fritjof
245 14 - TITLE STATEMENT
Title The turning point: science, society and the rising culture
260 ## - PUBLICATION, DISTRIBUTION, ETC.
Place of publication, distribution, etc. London
Name of publisher, distributor, etc. Fontana Paperbacks
Date of publication, distribution, etc. 1983
300 ## - PHYSICAL DESCRIPTION
Extent xx, 516p. : ill.
350 ## - PRICE (NR) (BK AM CF MU VM SE) [OBSOLETE]
Price 0.00
995 ## - RECOMMENDATION 995 [LOCAL, UNIMARC FRANCE]
-- 0.00
-- CBU-MAIN LIBRARY (Kitwe)
-- 1
-- 3.50
-- 1
-- AVAILABLE
-- Annex Low-Usage Collection
Holdings
Withdrawn status Lost status Source of classification or shelving scheme Damaged status Not for loan Home library Current library Shelving location Date acquired Total Checkouts Full call number Barcode Date last seen Price effective from Koha item type
          CBU-MAIN LIBRARY, KITWE. CBU-MAIN LIBRARY, KITWE.   11/30/2022   Q 175.5 Cap 011402 11/30/2022 11/30/2022 MONOGRAPH